1471 1658 1143 1298 1488 1244 1939 1296 1464 1190 1849 1820 1799 1595 1857 1600 1941 1407 1548 1654 1896 1431 1848 1018 1788 1256 1810 1169 1344 1967 1652 1528 1825 1676 1640 1407 1228 1369 1566 1388 1596 1991 1720 1013 1924 1264 1546 1167 1728 1744 1173 1903 1991 1478 1659 1911 1511 1660 1061 1295 1653 1560 1353 1570 1571 1448 1465 1146 1622 1012 1491 1535 1826 1233 1867 1873 1088 1719 1159 1523 1604 1475 1322 1524 1246 1224 1460 1739 1953 1172 1501 1340 1477 1031 1348 1367 1526 1020 1463 BCNSPRNW ULIB Ver.6.0+V

เปลี่ยนเป็นภาษาไทย

Change to English
 แสดงรายละเอียดบรรณานุกรม
  กลับหน้าหลัก

Brief Record : Get Marc (ISO 2709) : E-mail record : QR code < ปิดหน้าต่าง
LEADER : 00000nam 2200000uu 4500
001    13399112512
003     ULIB
008    110819s2550||||th 000 0 tha d
020    9749713869
020    9789749713860
050  4 LB2832.4.T5^bย134ค 2550
100 0  ยนต์ ชุ่มจิต
245 10 ความเป็นครู =^bSelf actualization for teachers /^cยนต์ ชุ่มจิต
246 31 Self actualization for teachers
250    พิมพ์ครั้งที่ 4
260    กรุงเทพฯ :^bโอเดียนสโตร์,^c2550
300    349 หน้า ;^c25 ซม.
650  4 ครู
650  4 ครู^xจรรยาบรรณ
945    ^p220^l0^i027452
995    ทศพร
999 ^a ทศพร
รายการนี้ยังไม่มีแท็ก
คุณยังไม่ได้ล็อกอิน คุณสามารถมีกิจกรรมร่วมกับเว็บไซต์ได้ แต่ต้องล็อกอินก่อน ::
  ล็อกอิน

รายการสื่อสารสนเทศ

ลำดับที่ ประเภท เลขเรียก/บาร์โค้ด สถานที่ สถานะ
- ไม่พบข้อมูล -

รายการใกล้เคียง
    ผู้แต่ง [ยนต์ ชุ่มจิต]

    หัวเรื่อง [ครู]
    หัวเรื่อง [ครู จรรยาบรรณ]

BibComment


ยังไม่เคยถูกคอมเมนท์

คอมเมนท์ทรัพยากรรายการนี้
  คอมเมนท์: ความเป็นครู Self..


 Copyright 2026. Bcnsprnw @Library